00505nam a2200145Ia 4500008004100000020001600041245007000057260004700127516002000174650001300194650002700207650002100234830003800255856006600293140925s9999 xx 000 0 und d a2078-516X  aSouth African journal of sports medicine /h[electronic resource] bHealth & Medical Publishing Group,cc2013. aElectronic text aJournal. aSports and Recreation. aSports medicine. aHealth & Medical Publishing Group uhttp://www.sajsm.org.za/index.php/sajsm/issue/current/showToc